Chuyện về đại lão danh cầm Châu Đình Khoa /

Spremljeno u:
Bibliografski detalji
Glavni autor: Tân Linh
Format: Članak
Jezik:Vietnamese
Teme:
Oznake: Dodaj oznaku
Bez oznaka, Budi prvi tko označuje ovaj zapis!
Thư viện lưu trữ: Thư viện Trường Đại học Đà Lạt
LEADER 00761nam a2200289 4500
001 DLU060057044
040 # # |a DLU  |b vie 
041 # # |a vie 
044 # # |a vn 
100 # # |a Tân Linh 
245 # # |a Chuyện về đại lão danh cầm Châu Đình Khoa /  |c Tân Linh 
653 # # |a Châu Đình Khoa 
653 # # |a Nghệ sĩ 
653 # # |a Nhạc 
653 # # |a Nhạc dân tộc 
773 # # |t Văn hiến Việt Nam  |g Số 11, 2005, tr.42-43 
920 # # |a Phòng Tạp chí -- Trung tâm Thông tin - Thư viện Trường Đại học Đà Lạt 
933 # # |a CT, TN 
994 # # |a DLU 
900 # # |a True 
911 # # |a Nguyễn Thị Yên 
925 # # |a G 
926 # # |a A 
927 # # |a BB 
980 # # |a Thư viện Trường Đại học Đà Lạt